Top 100 British Artists - Statistics

General Stats
  • This quiz has been taken 687 times
    590 since last reset
  • The average score is 26 of 100
Answer Stats
Position Artist % Correct
1. The Beatles
96%
3. The Rolling Stones
82%
45. Oasis
71%
18. Elton John
69%
8. Queen
69%
2. Led Zeppelin
62%
15. The Smiths
61%
74. Adele
59%
5. David Bowie
59%
4. Pink Floyd
58%
7. The Who
58%
6. Black Sabbath
57%
13. John Lennon
57%
33. Blur
56%
14. Paul McCartney
54%
12. The Kinks
51%
10. The Clash
49%
20. George Harrison
48%
17. Sex Pistols
48%
9. Radiohead
45%
32. The Cure
45%
70. Genesis
39%
25. George Michael
38%
62. Coldplay
36%
41. Phil Collins
36%
29. Amy Winehouse
35%
19. Eric Clapton
35%
43. Iron Maiden
35%
72. Ringo Starr
35%
84. Wham!
34%
76. Duran Duran
33%
31. Pulp
33%
65. Spice Girls
33%
16. Cream
32%
30. Fleetwood Mac
31%
66. Tom Jones
31%
37. Ozzy Osbourne
30%
35. The Stone Roses
30%
61. The Jam
29%
23. Deep Purple
28%
11. Joy Division
28%
28. Depeche Mode
26%
59. Def Leppard
25%
42. The Animals
25%
39. Dire Straits
23%
24. Kate Bush
23%
27. New Order
23%
77. Wings
23%
64. Yes
23%
58. Peter Gabriel
22%
81. Morrissey
21%
51. Motörhead
20%
34. T-Rex
20%
75. Pet Shop Boys
19%
44. Judas Priest
18%
54. The Verve
18%
22. Van Morrison
18%
82. Shirley Bassey
17%
69. Dusty Springfield
16%
38. The Yardbirds
16%
86. Suede
15%
99. The Specials
15%
91. Annie Lennox
14%
50. Elvis Costello
13%
88. Manic Street Preachers
13%
26. Roxy Music
13%
46. King Crimson
12%
47. The Zombies
11%
53. Jethro Tull
10%
49. Massive Attack
10%
98. Sade
10%
90. Seal
10%
60. The Stranglers
10%
80. Echo & The Bunnymen
9%
57. Buzzcocks
8%
83. Petula Clark
8%
63. Rainbow
8%
55. Cat Stevens
7%
85. Dido
7%
95. Paloma Faith
7%
21. PJ Harvey
7%
36. Portishead
7%
79. The Pogues
7%
40. Nick Drake
6%
94. Siouxsie and the Banshees
6%
48. Belle & Sebastian
5%
52. Cocteau Twins
5%
67. Olivia Newton-John
5%
78. The Jesus & Mary Chain
5%
93. Aphex Twin
4%
56. Mark Knopfler
4%
87. XTC
4%
71. Gang of Four
3%
96. Mike Oldfield
3%
100. Ride
3%
73. Scott Walker
3%
89. John Cale
2%
68. Mary Hopkin
2%
92. Matt Monro
1%
97. Sharleen Spiteri
1%
No matching quizzes found
Score Distribution
Percent of People with Each Score
Percentile by Number Answered
Your Score History
You have not taken this quiz since the last reset